000 00720nam a2200265 4500
001 2008
010 _a9789897891328
021 _aPT
_b540950/24
090 _a2008
100 _a20251124d2025 m||y0pory50030103ba
101 _apor
102 _aPT
200 _aA mulher perfeita
_fJ. M. Dalgliesh
_gtrad. Elsa T. S. Vieira
205 _a1ª edição
210 _aPorto
_cSingular
_d2025
215 _a321, [1] p.
_d24 cm
300 _aBMB-Registado
304 _aTít. orig.: Homewrecker
606 _9824
_aLiteratura Inglesa
606 _9778
_aRomance Policial
675 _a821.111-312.4
_vBMB
_zpor
700 _aDalgliesh
_bJ. M.
_92882
702 _aVieira
_bElsa T. S.
_4730
_91120
801 _aPT
_bBMB
_gRPC
990 _cLIVROS